000 00673nac a22001811u 4500
008 100315r20072008ii|||||r|||| 001 0 eng d
020 _a9788131802441
082 _a670
_bRAJ
_222
100 _aRajput, R. K.
_912747
245 _aA Textbook of Manufacturing Technology /
_b( Manufacturing Processes ) :
_cR. k. Rajput
260 _aNew Delhi :
_bLaxmi, 2007
_c2007
300 _a1 v. :
_bill. ;
_c24 cm.
500 _aIncludes index.
650 _aManufacturing processes.
_912748
700 _aJ. k. Gupta.
_912749
942 _cBB
_k670 RAJ
_2ddc
999 _c13695
_d13695